000 00337nam a2200145Ia 4500
008 221030s9999 xx 000 0 und d
041 _aEnglish
082 _a105.6
100 _aSunil Mehra /1123
245 0 _aE - Crime
250 _a2012
260 _bINF WIZ CHANDIGARH
_aINF WIZ CHANDIGARH
_c2012
650 _aMCA
942 _cTH
999 _c15834
_d15834